Регионална библиотека "Любен Каравелов" - Русе

Невиждани академици (Запис номер 165950)

MARC детайли
000 -Лидер
Контролно поле с фиксирана дължина 01634nam a2200373 c 4500
003 - Код на организацията, давaща контролен номер
Контролно поле BLK
005 - Дата и час на последна редакция
Контролно поле 20240531095640.0
008 - Елементи от данни с фиксирана дължина
fixed length control field 180410b bul|||||r ||||||| ||bul||
010 ## - Наследен системен номер
LC control number KNG00173603000
020 ## - Международен стандартен номер на книга ISBN
Международен стандартен номер на книга ISBN 978-954-422-103-4
-- издат.: Архонт-В
040 ## - Източник на каталожния запис
Идентификатор на билиотеката - собственик на записа BLK
041 ## - Код за език
Код за езика на текст/звукозапис или на отделно заглавие Български
Код за езика КДБФ Български
072 #7 - Код за тематичната категория
Код организация bullib
Код за тематична категория Н8302
Текст Фантастика Н
080 ## - УДК
Текстов определител УДК Английска литература
УДК код - определител по УДК 821.111
УДК определител -312.9
УДК - код + определител 821.111-312.9
100 1# - Редна дума - Автор
Автор Пратчет, Тери
Дати, свързани с автора 1948-2015
Автор - информация (биография) Писател, автор на фентъзи-романи.
Пълна форма на името Пратчет, Терънс Дейвид Джон
R(LIN) 112859
139 ## - Редно поле
Редна дума Пратчет, Тери
Авторски знак Правилн - П 84
245 10 - Сведения за заглавието
Заглавие Невиждани академици
Подзаглавни данни История от света на Диска
Редно поле (дума) Тери Пратчет; ил. Пол Кидби; прев. Катя Драганова Анчева.
257 ## - Страна на издаване
Страна на създаване/издаване Великобритания
260 ## - Област на издателските данни
-- София
Име на издателя, разпространителя и проч. Архонт-В
Година на издаване 2014
Печатница София : Булвест принт
300 ## - Физическа характеристика
Размери/Мащаб 18 см
380 ## - Жанр
Жанр Худож. лит.
500 ## - Общи забележки
Забележка Ориг. загл. Unseen Academicals / Terry Pratchett. - Пълно име на авт. - Терънс Дейвид Джон Пратчет.
653 ## - Ключова дума – ненормативна
Ключова дума фентъзи
653 ## - Ключова дума – ненормативна
Ключова дума романи
659 ## - Тематичен бюлетин
Тематичен бюлетин Н
700 1# - Други автори (авторска отговорност)
Лично име Кидби, Пол
Автороска отговорност (Описва отношението между автора и произведението) ил.
9 (RLIN) 78538
700 1# - Други автори (авторска отговорност)
Лично име Анчева, Катя Драганова
Автороска отговорност (Описва отношението между автора и произведението) прев.
9 (RLIN) 374810
852 ## - Местоположение
Форматна сигнатура Цб І 36513
856 4# - Електронен адрес и достъп
Електронен формат pdf - файл
Път до файла /url/
856 4# - Електронен адрес и достъп
Електронен формат pdf - файл
Път до файла /url/
942 ## - АРТИКУЛИ
Вид на библиотечния материал Книги
Скрит в OPAC Не
Koha issues (borrowed), all copies 9
944 ## - СЪЗДАВАНЕ И РЕДАКЦИЯ на ЗАПИСА
Създаване/Редакция Създаване
Дата на регистрацията/редакция 30.03.2015
Статус, дата на статуса Геновева Генчева
Служител, извършил регистрацията/редакцията 30560
944 ## - СЪЗДАВАНЕ И РЕДАКЦИЯ на ЗАПИСА
Създаване/Редакция Редакция
Дата на регистрацията/редакция 25.01.2017
Статус, дата на статуса ф /
Служител, извършил регистрацията/редакцията Виолета_Тройчева
999 ## - СИСТЕМНИ КОНТРОЛНИ НОМЕРА
Koha biblionumber 165950
Koha biblioitemnumber 165950
Наличности
Код за отписване Код за изгубен артикул Източник на класификационната схема Код за повреда Коз за рестрикции Код за отдаване Артикулен № Име на библиотеката - собственик Име на библиотеката, в която се намира в момента Статус (Текущо местоположение) Дата на вписване в системата Местоположение - отдел Цена в лева Инвентарен номер Систематично азбучна сигнатура Баркод Номер на екземпляра Цена в евро Служебна бележка Служебен тип на артикула
Изтеглен Не е изгубен Universal Decimal Classification Не е повреден без рестрикции заемане за дома 279836 Регионална библиотека "Любен Каравелов" Русе Регионална библиотека "Любен Каравелов" Русе Количка 2015-03-31 Заемна - подръчен фонд 9.36 120000786804 П 820-31/П 84 120000786804 1 4.79 Дост: Pk Вид: Ф N: 480 Дата: 20.03.2015 Дата инв: 14.02.2018 Бележки инв: П2018 Книги
  Не е изгубен   Не е повреден без рестрикции ползва се в читалня 279837 Регионална библиотека "Любен Каравелов" Русе Регионална библиотека "Любен Каравелов" Русе Хранилище 2015-08-10 Хранилище 12.00 120000790955 Цб І 36513 120000790955 2 6.14 Дост: Dp Вид: Д N: 16 Дата: 31.03.2015 Книги
Vip Innovations Ltd, Rousse, Bulgaria 2025